000
00381nam a2200121 4500
008
b xx# fre u
040
_a
LB-BrCRDP
082
1
_a
107
_b
ROM
100
1
_a
Roman, Joël
245
1
0
_a
Chronique des idées contemporaines
_b
Itinéraires guidé à travers 300 textes choisis
_c
Joël Roman
942
_c
BK
999
_c
9995
_d
9995